000 00882cam a2200277 a 4500
001 16444
003 BD-RjUL
005 20211209000017.0
008 140213s1981 ii a b 001 0 eng
020 _a070691130X :
035 _a(BD-RjUL)16499
040 _aDLC
_cDLC
_dDLC
_dBD-RjUL
_beng
041 _aeng
082 0 0 _a722.44
_219
_bGRA
100 1 _aGrover, Satish,
_d1940-
_950849
245 1 4 _aThe architecture of India :
_bIslamic (727-1707 A.D.) /
_cSatish Grover.
260 _aNew Delhi :
_bVikas Pub. House,
_cc1981.
300 _axv, 224 p. :
_bill. ;
_c25 cm.
500 _aContinuation of: The architecture of India: Buddhist and Hindu.
504 _aIncludes Bibliography: p. 223.and index.
650 0 _aIslamic architecture
_zIndia.
_950382
650 0 _aArchitecture
_zIndia.
_950850
942 _2ddc
_cBK
999 _c16444
_d16444